| 000 | 00959nam0a2200265 4500 | ||
|---|---|---|---|
| 001 | RU\NLR\ONL1\6475 | ||
| 005 | 20250613115217.0 | ||
| 035 | _a(NLR Aleph) 009635226 | ||
| 090 |
_a9519329 _c9519329 |
||
| 100 | _a20050921d1959 |||y0rusy50 ca | ||
| 101 | 1 |
_achm _brus _cchi |
|
| 102 | _aRU | ||
| 105 | _aa ||||||||| | ||
| 200 | 1 |
_aАгытан пыстылан серыш _e(Японский захватчик-влак ваштареш китай влакын кучедалмыш нерген ойлымаш-влак гыч) |
|
| 210 |
_aЙошкар-Ола _cКн. лукшо марий изд-во _d1959 |
||
| 215 |
_a52 с. _cил. _d22 |
||
| 541 | 1 |
_aПисьмо с петушиными перьями _zrus |
|
| 686 | 1 | _aШ9(2)673=Мар(5Ки)-4 | |
| 700 | 0 |
_aХуа Шань _4070 |
|
| 801 | 0 |
_aRU _bNLR _c20050921 _gPSBO |
|
| 852 |
_aNLR _bОНЛ _jМар.л./3-1441 |
||
| 942 | _cBOOK | ||
| 980 | _aNB | ||